Principles of refrigeration (Record no. 54643)

MARC details
000 -LEADER
fixed length control field 00501nam a2200145 a 4500
008 - FIXED-LENGTH DATA ELEMENTS--GENERAL INFORMATION
fixed length control field 120416s0000 ||||||||||||||||| || u
020 ## - INTERNATIONAL STANDARD BOOK NUMBER
International Standard Book Number 0471219452
050 ## - LIBRARY OF CONGRESS CALL NUMBER
Classification number TP 492 Dos
100 ## - MAIN ENTRY--PERSONAL NAME
Personal name Dossat, Roy J
245 10 - TITLE STATEMENT
Title Principles of refrigeration
260 ## - PUBLICATION, DISTRIBUTION, ETC.
Place of publication, distribution, etc. New York
Name of publisher, distributor, etc. John Wiley and Sons
Date of publication, distribution, etc. 1961
300 ## - PHYSICAL DESCRIPTION
Extent viii, 544p. : ill.
350 ## - PRICE (NR) (BK AM CF MU VM SE) [OBSOLETE]
Price 0.00
995 ## - RECOMMENDATION 995 [LOCAL, UNIMARC FRANCE]
-- 0.00
-- CBU-MAIN LIBRARY (Kitwe)
-- 1
-- 7.15
-- AVAILABLE
-- Annex Low-Usage Collection
Holdings
Withdrawn status Lost status Source of classification or shelving scheme Damaged status Not for loan Home library Current library Shelving location Date acquired Total Checkouts Full call number Barcode Date last seen Price effective from Koha item type
          CBU-MAIN LIBRARY, KITWE. CBU-MAIN LIBRARY, KITWE.   11/30/2022   TP 492 Dos 016947 11/30/2022 11/30/2022 MONOGRAPH